Statistics for Soviet Leaders 1917–1991

Click here to take the quiz!

General Stats

  • This quiz has been taken 66,095 times
  • The average score is 4 of 7

Answer Stats

YearsLeader% Correct
1924–1953Joseph Stalin
99%
1917–1924Vladimir Lenin
97%
1985–1991Mikhail Gorbachev
80%
1953–1964Nikita Khrushchev
66%
1964–1982Leonid Brezhnev
51%
1982–1984Yuri Andropov
29%
1984–1985Konstantin Chernenko
17%

Score Distribution

Percentile by Number Answered

Percent of People with Each Score

Your Score History

You have not taken this quiz